Le maître inconnu: Cagliostro (Record no. 78664)

MARC details
000 -LEADER
campo de control de longitud fija 00600nam a2200181 i 4500
001 - NÚMERO DE CONTROL
campo de control 78664
003 - IDENTIFICADOR DE NÚMERO DE CONTROL
campo de control ES-MaACL
005 - FECHA Y HORA DE LA ÚLTIMA TRANSACCIÓN
campo de control 20230906173758.0
007 - CAMPO FIJO DE DESCRIPCIÓN FÍSICA--INFORMACIÓN GENERAL
campo de control de longitud fija t|
008 - DATOS DE LONGITUD FIJA--INFORMACIÓN GENERAL
campo de control de longitud fija 041015s1932 fr ||||1| fre d
100 1# - ENTRADA PRINCIPAL--NOMBRE DE PERSONA
Nombre de persona Haven, Marc.
9 (RLIN) 62150
245 13 - MENCIÓN DEL TÍTULO
Título Le maître inconnu: Cagliostro
Resto del título : étude historique et critique sur la haute magie /
Mención de responsabilidad, etc. Marc Haven.
250 ## - MENCION DE EDICION
Mención de edición Nouvelle édition revue, corrigé et augmentée.
260 ## - PUBLICACIÓN, DISTRIBUCIÓN, ETC.
Lugar de publicación, distribución, etc. Paris :
Nombre del editor, distribuidor, etc. Phytagore,
Fecha de publicación, distribución, etc. 1932 (
Fabricante Dorel)
300 ## - DESCRIPCIÓN FÍSICA
Extensión VII, 330 p. :
Otras características físicas il. ;
Dimensiones 25 cm.
600 14 - PUNTO DE ACCESO ADICIONAL DE MATERIA--NOMBRE DE PERSONA
Nombre de persona Cagliostro, Alessandro
Títulos y otros términos asociados al nombre conte di.
9 (RLIN) 33427
852 ## - LOCALIZACIÓN
Ubicación ES-MaACL
Número de control de estantería A-2482
Holdings
Estatus retirado Estado de pérdida Estado de daño No para préstamo Biblioteca de origen Biblioteca actual Ubicación en estantería Fecha de adquisición Fuente de adquisición Total de préstamos Signatura topográfica completa Código de barras Visto por última vez Precio de reemplazo Tipo de ítem Koha
        Biblioteca del Ateneo de Madrid Biblioteca del Ateneo de Madrid Sala Pecera Planta 1 17/01/2008     A-2482 1082275 23/02/2023 23/02/2023 Libro impreso